Emerging wireless networks (Record no. 77)

000 -LEADER
fixed length control field 00550nam a22002054a 4500
001 - CONTROL NUMBER
control field 77
003 - CONTROL NUMBER IDENTIFIER
control field BD-DhUET
008 - FIXED-LENGTH DATA ELEMENTS--GENERAL INFORMATION
fixed length control field 111121s2012 flua b 001 0 eng
020 ## - INTERNATIONAL STANDARD BOOK NUMBER
International Standard Book Number 9781439821350
040 ## - CATALOGING SOURCE
Original cataloging agency DLC
Transcribing agency DLC
Modifying agency BD-DhUET
082 00 - DEWEY DECIMAL CLASSIFICATION NUMBER
Classification number 004.65
Item number MAK/2012
100 ## - MAIN ENTRY--PERSONAL NAME
Personal name Makaya, Christian
245 00 - TITLE STATEMENT
Title Emerging wireless networks
Remainder of title concepts, techniques, and applications
260 ## - PUBLICATION, DISTRIBUTION, ETC. (IMPRINT)
Place of publication, distribution, etc. London
Name of publisher, distributor, etc. CRC Press
Date of publication, distribution, etc. 2012.
300 ## - PHYSICAL DESCRIPTION
Extent xxv, 417 p.
504 ## - BIBLIOGRAPHY, ETC. NOTE
Bibliography, etc Includes bibliographies
650 #0 - SUBJECT ADDED ENTRY--TOPICAL TERM
Topical term or geographic name as entry element Network-Wireless
700 ## - ADDED ENTRY--PERSONAL NAME
Personal name Pierre, Samuel
942 ## - ADDED ENTRY ELEMENTS (KOHA)
Koha item type Edited Book
Holdings
Koha date last seen Koha normalized classification for sorting Price effective from Sublocation or collection (holding branch) Not for loan Copy number Koha full call number Withdrawn status Koha item type Piece designation (barcode) Damaged status Lost status Source of classification or shelving scheme Shelving location Location (home branch) Date acquired
2014-07-14004_650000000000000_MAK_20122014-07-14Central Library, BUET 2004.65/MAK/2012 Edited Book111043   Circulation sectionCentral Library, BUET2014-07-14
2017-02-11004_650000000000000_MAK_20122017-02-11Central Library, BUET 1004.65/MAK/2012 Edited Book111042   Circulation sectionCentral Library, BUET2017-02-11